Kontrolná činnosť na úseku bezpečnosti práce zborník prednášok

Bibliographic Details
Format: Book
Language:Slovak
PhysicalDescription:117 s. 20 cm
Published: Žilina ŽiVS 1991
ISBN:8071350095
Edition:1. vyd.
Subjects:

MARC

LEADER 00000cam a2200000 a 4500
001 vtls001065558
003 SK-MaSNL
005 20260323104110.0
008 250414s1991 xo fr 100 0 slo
015 |a SNBA1991/03 
020 |a 8071350095  |q (brož.) 
035 |a SNK000008388 
035 |a urn:nbn:sk:snk-amkqk5 
035 |a urn:nbn:sk:snk-am005bni 
035 |a 4A6F4A64-E8E1-4E0F-A79D-CC2724C504B8 
040 |a SNK  |b slo  |c SNK  |e AACR2 
041 0 |a slo 
044 |a xo  |c SK 
072 7 |a 331  |x Práca  |2 konspekt 
072 7 |a 005  |x Manažment. Riadenie  |2 konspekt 
080 |a 331.823(082)  |2 1981 
080 |a 331.45  |2 2011 
080 |a 005.584.1  |2 2011 
080 |a (082)  |2 2011 
245 0 0 |a Kontrolná činnosť na úseku bezpečnosti práce  |b zborník prednášok 
250 |a 1. vyd. 
260 |a Žilina  |b ŽiVS  |c 1991 
300 |a 117 s.  |c 20 cm 
366 |e 200 výtl. 
650 0 7 |a bezpečnosť práce  |2 SNKPH  |9 1296 
650 0 7 |a kontrolná činnosť  |2 SNKPH  |9 72456 
655 7 |a zborníky  |2 SNKPH  |9 70165 
850 |a Slovenská národná knižnica 
852 |a Slovenská národná knižnica 
919 |a 80-7135-009-5 
954 |a odborná, vedecká literatúra pôvodná (slovenská)  |2 lita 
958 |a OND 
958 |a TL 
958 |a ZB 
999 |c 962467  |d 964397 
952 |t P60, <04>, [BOOK], {604}  |a SNK  |b SNK  |y VYP  |7 0  |p 17A0327858  |o snkSC 80134 D1  |i snkKSP 6258/91  |0 0  |1 0  |4 0  |d 2002-01-22  |f 1  |l 0  |r 2004-12-31 00:00:00  |w 2026-02-24 
952 |a SNK  |b SNK  |y PREZ  |7 0  |p 17A0945733  |o snkSC 80134  |0 0  |1 0  |4 0  |d 2012-08-13  |l 0  |r 2025-08-11 00:00:00  |w 2026-02-24